Word Ladder: Halloween Doorstep Tradition Quiz Stats

 Plays Quiz Updated Oct 31, 2012

Support Sporcle.
Go Orange.
Score 0/26 Timer 03:00
0 Plays Today
❢ HINT ❢ ❢ WORD ❢ % Correct
Alexander the _____GREAT
91.2%
_____ And PunishmentCRIME
90.8%
Turn the other _____CHEEK
90.2%
Fat wedding nationality?GREEK
88.9%
Cash, _____, or money orderCHECK
88.7%
Extend a welcomeGREET
87.5%
We _____ OvercomeSHALL
84%
StreamletCREEK
83.1%
❢ CHEAP _____❢ TRICK ❢
76.2%
Oil-bearing rockSHALE
74.9%
Wind instrument?CHIME
72.2%
Saw lumber in bed?SNORE
71.6%
DivvySHARE
70.5%
❢ HINT ❢ ❢ WORD ❢ % Correct
❢ HOLLER ❢❢ SHOUT ❢
69.7%
Beach or strandSHORE
69.7%
Kind of beef or meridianPRIME
69.3%
Ingest snuffSNORT
69.2%
❢ (OR) GOODIE ❢❢ TREAT ❢
68.3%
Horker or porker proboscisSNOUT
65.6%
Juvenile Rhode Island RedCHICK
65.3%
Spooky actor, Vincent _____PRICE
64.3%
Watson's molecular partnerCRICK
60.8%
Cool quicklyCHILL
60.6%
Paid endorserSHILL
55.8%
Hendrix song, 'Voodoo _____'CHILE
54.6%
A short period of timeTRICE
54.1%

Today's Daily Dose

You're not logged in!

Compare scores with friends on all Sporcle quizzes.
OR
Log In
Forgot?

From the Vault

Pick a 'Pic'

by BanjoZebra

And how do you pick a pic? You pick it with a click!
Remove Ads.
Support Sporcle.
Get the best of Sporcle when you Go Orange. This ad-free experience offers more features, more stats, and more fun while also helping to support Sporcle. Thank you for becoming a member.

Show Comments

Extras

Top Quizzes Today


Score Distribution

Your Account Isn't Verified!

In order to create a playlist on Sporcle, you need to verify the email address you used during registration. Go to your Sporcle Settings to finish the process.

Report this User

Report this user for behavior that violates our Community Guidelines.

Details: